Los retratos de los reyes de España (Record no. 7169)

MARC details
000 -CABECERA
campo de control de longitud fija 00996nam a2200265 a 4500
001 - NÚMERO DE CONTROL
campo de control BRCA_7494
005 - FECHA Y HORA DE LA ÚLTIMA TRANSACCIÓN
campo de control 20190320205846.0
008 - DATOS DE LONGITUD FIJA--INFORMACIÓN GENERAL
campo de control de longitud fija 300413s1948----sp-a######---#000-0#spa-#
041 ## - CÓDIGO DE LENGUA
Código de lengua del texto/banda sonora o título independiente spa
044 ## - CÓDIGO DEL PAÍS DE LA ENTIDAD EDITORA/PRODUCTORA
Código MARC del país sp
050 #4 - SIGNATURA TOPOGRÁFICA DE LA BIBLIOTECA DEL CONGRESO
Número de clasificación N7611.2
Número de documento/Ítem .S26 1948
100 1# - ENTRADA PRINCIPAL--NOMBRE DE PERSONA
Nombre de persona Sánchez Cantón, Francisco Javier
9 (RLIN) 10577
245 10 - MENCIÓN DE TÍTULO
Título Los retratos de los reyes de España
Mención de responsabilidad, etc. por F. J. Sánchez Cantón con la colaboración de José Pita Andrade ; prólogo del Duque de Alba.
260 ## - PUBLICACIÓN, DISTRIBUCIÓN, ETC.
Lugar de publicación, distribución, etc. Barcelona
Nombre del editor, distribuidor, etc. Omega
Fecha de publicación, distribución, etc. c1948
300 ## - DESCRIPCIÓN FÍSICA
Extensión 414 p.
Otras características físicas il. (algunas a color), 188 láminas
Dimensiones 29 cm.
500 ## - NOTA GENERAL
Nota general Incluye índice de retratos, índice de artistas, índice onomástico e índice de ilutraciones
500 ## - NOTA GENERAL
Nota general R24
504 ## - NOTA DE BIBLIOGRAFÍA, ETC.
Nota de bibliografía, etc. Bilbiografía p. 407-412
650 14 - PUNTO DE ACCESO ADICIONAL DE MATERIA--TÉRMINO DE MATERIA
Término de materia o nombre geográfico como elemento de entrada Retratos españoles
9 (RLIN) 13574
651 #4 - PUNTO DE ACCESO ADICIONAL DE MATERIA--NOMBRE GEOGRÁFICO
Nombre geográfico España
Subdivisión de forma Retratos
Subdivisión general Reyes y gobernantes
9 (RLIN) 18449
700 1# - PUNTO DE ACCESO ADICIONAL--NOMBRE DE PERSONA
Nombre de persona Pita Andrade, José
Término indicativo de función/relación colab.
9 (RLIN) 18450
700 1# - PUNTO DE ACCESO ADICIONAL--NOMBRE DE PERSONA
Nombre de persona Stuart y Silva, Fitz-James
Títulos y otros términos asociados al nombre Duque de Alba
Término indicativo de función/relación pról.
9 (RLIN) 18451
902 ## - CATALOGADOR
Iniciales GFM
942 ## - ELEMENTOS DE PUNTO DE ACCESO ADICIONAL (KOHA)
Fuente del sistema de clasificación o colocación Library of Congress Classification
Tipo de ítem Koha Libros
Holdings
Estado de retiro Estado de pérdida Estado dañado No para préstamo Localización permanente Ubicación/localización actual Fecha de adquisición Número de inventario Total de préstamos Signatura topográfica completa Código de barras Fecha visto por última vez Precio válido a partir de Tipo de ítem Koha
El ejemplar forma parte de la colección y puede ser consultado según las políticas vigentes.       Biblioteca del Museo Franz Mayer (Rogerio Casas-Alatriste) Biblioteca del Museo Franz Mayer (Rogerio Casas-Alatriste) 30/04/2013 R24   N7611.2 .S26 1948 (R24) 8098 22/03/2019 22/03/2019 Libros